Historia de la literatura norteamericana, desde los orígenes hasta el día (Record no. 130254)
[ view plain ]
| 000 -LEADER | |
|---|---|
| campo de control de longitud fija | 00728nam a2200181 i 4500 |
| 001 - NÚMERO DE CONTROL | |
| campo de control | 130254 |
| 003 - IDENTIFICADOR DE NÚMERO DE CONTROL | |
| campo de control | ES-MaACL |
| 005 - FECHA Y HORA DE LA ÚLTIMA TRANSACCIÓN | |
| campo de control | 20230906193702.0 |
| 007 - CAMPO FIJO DE DESCRIPCIÓN FÍSICA--INFORMACIÓN GENERAL | |
| campo de control de longitud fija | t| |
| 008 - DATOS DE LONGITUD FIJA--INFORMACIÓN GENERAL | |
| campo de control de longitud fija | 070724s1950 ag ||||1| spa d |
| 100 1# - ENTRADA PRINCIPAL--NOMBRE DE PERSONA | |
| Nombre de persona | Zabel, Morton Dawen. |
| 9 (RLIN) | 117808 |
| 245 10 - MENCIÓN DEL TÍTULO | |
| Título | Historia de la literatura norteamericana, desde los orígenes hasta el día |
| Resto del título | : sus maestros, tradiciones y problemas / |
| Mención de responsabilidad, etc. | Morton Dawen Zabel ; [traducido del manuscrito original por Luis Echevarri]. |
| 260 ## - PUBLICACIÓN, DISTRIBUCIÓN, ETC. | |
| Lugar de publicación, distribución, etc. | Buenos Aires : |
| Nombre del editor, distribuidor, etc. | Losada, |
| Fecha de publicación, distribución, etc. | [1950] ( |
| Fabricante | Bartolomé U. Chiesino) |
| 300 ## - DESCRIPCIÓN FÍSICA | |
| Extensión | 667 p. : |
| Otras características físicas | il. ; |
| Dimensiones | 24 cm. |
| 650 #4 - PUNTO DE ACCESO ADICIONAL DE MATERIA--TÉRMINO DE MATERIA | |
| Término de materia o nombre geográfico como elemento de entrada | Literatura norteamericana- |
| Subdivisión general | Historia y crítica. |
| 9 (RLIN) | 14643 |
| 700 1# - ENTRADA AGREGADA--NOMBRE PERSONAL | |
| Nombre de persona | Echevarri, Luis. |
| 9 (RLIN) | 46534 |
| 852 ## - LOCALIZACIÓN | |
| Ubicación | ES-MaACL |
| Número de control de estantería | D-6759 |
| Sublocalización o colección | R.31810 |
| Estatus retirado | Estado de pérdida | Estado de daño | No para préstamo | Biblioteca de origen | Biblioteca actual | Ubicación en estantería | Fecha de adquisición | Fuente de adquisición | Total de préstamos | Signatura topográfica completa | Código de barras | Visto por última vez | Precio de reemplazo | Tipo de ítem Koha |
|---|---|---|---|---|---|---|---|---|---|---|---|---|---|---|
| Biblioteca del Ateneo de Madrid | Biblioteca del Ateneo de Madrid | Sala Valle Inclán | 17/01/2008 | D-6759 | 901135624 | 23/02/2023 | 23/02/2023 | Libro impreso |
